Novela zákona o dani z príjmov a kurzové rozdiely

Zákonom č.191/2004., ktorým sa mení a dopĺňa zákon č. 472/2002 Z.z. o medzinárodnej spolupráci pri správe daní a o zmene a doplnení zákona č. 366/1999 Z.z. o daniach z príjmov v znení neskorších predpisov a ktorým sa dopĺňajú niektoré ďalšie zákony, bolo novelizovaných viacero zákonov. Zákon č. 595...

Descrizione completa

Salvato in:
Dettagli Bibliografici
Autore principale: Baláž, Ondrej
Natura: Capitolo di libro
Lingua:slovacco
Soggetti:
Tags: Aggiungi Tag
Nessun Tag, puoi essere il primo ad aggiungerne!!

MARC

LEADER 00000naa$a2200000$$$4500
001 0012747
005 20231109111319.3
041 0 |a slo 
044 |a SK 
245 1 0 |a Novela zákona o dani z príjmov a kurzové rozdiely  |c aut. Ondrej Baláž 
520 |a Zákonom č.191/2004., ktorým sa mení a dopĺňa zákon č. 472/2002 Z.z. o medzinárodnej spolupráci pri správe daní a o zmene a doplnení zákona č. 366/1999 Z.z. o daniach z príjmov v znení neskorších predpisov a ktorým sa dopĺňajú niektoré ďalšie zákony, bolo novelizovaných viacero zákonov. Zákon č. 595/2003 Z.z. o dani z príjmov bol novelizovaný trikrát. Uvedená novela účinná od 15.4.2004 upravuje problematiku kurzových rozdielov. Ilustračný príklad. 
610 2 0 |a zákony 
610 2 0 |a dane z príjmov 
610 2 0 |a rozdiely kurzové 
610 2 0 |a novelizácia 
610 2 0 |a Slovensko 
100 1 |a Baláž, Ondrej